La historicidad del Derecho y la elaboración legislativa / (Record no. 67731)

MARC details
000 -LEADER
campo de control de longitud fija 00768nam a2200205 i 4500
001 - NÚMERO DE CONTROL
campo de control 67731
003 - IDENTIFICADOR DE NÚMERO DE CONTROL
campo de control ES-MaACL
005 - FECHA Y HORA DE LA ÚLTIMA TRANSACCIÓN
campo de control 20230906170135.0
007 - CAMPO FIJO DE DESCRIPCIÓN FÍSICA--INFORMACIÓN GENERAL
campo de control de longitud fija t|
008 - DATOS DE LONGITUD FIJA--INFORMACIÓN GENERAL
campo de control de longitud fija 040203s1972 sp ||||1| spa d
100 1# - ENTRADA PRINCIPAL--NOMBRE DE PERSONA
Nombre de persona Galvao de Sousa, José Pedro.
9 (RLIN) 53697
245 13 - MENCIÓN DEL TÍTULO
Título La historicidad del Derecho y la elaboración legislativa /
Mención de responsabilidad, etc. José Pedro Galvao de Sousa ; traducción y apéndice por Juan Antonio Sardina-Páramo.
260 ## - PUBLICACIÓN, DISTRIBUCIÓN, ETC.
Lugar de publicación, distribución, etc. Madrid :
Nombre del editor, distribuidor, etc. Escelicer,
Fecha de publicación, distribución, etc. 1972.
300 ## - DESCRIPCIÓN FÍSICA
Extensión 191 p. ;
Dimensiones 19 cm.
490 1# - MENCIÓN DE SERIE
Mención de serie Biblioteca hispánica de filosofía del derecho ;
Designación de volumen o secuencia 8
700 1# - ENTRADA AGREGADA--NOMBRE PERSONAL
Nombre de persona Sardina Páramo, Juan Antonio.
9 (RLIN) 103795
830 0# - PUNTO DE ACCESO ADICIONAL DE SERIE-TÍTULO UNIFORME
Título uniforme Biblioteca hispánica de filosofía del derecho ;
Designación de volumen o secuencia 8
9 (RLIN) 183210
852 ## - LOCALIZACIÓN
Ubicación ES-MaACL
Número de control de estantería C-42835
Sublocalización o colección R.81765
Holdings
Estatus retirado Estado de pérdida Estado de daño No para préstamo Biblioteca de origen Biblioteca actual Ubicación en estantería Fecha de adquisición Fuente de adquisición Total de préstamos Signatura topográfica completa Código de barras Visto por última vez Precio de reemplazo Tipo de ítem Koha
        Biblioteca del Ateneo de Madrid Biblioteca del Ateneo de Madrid Depósito 2 17/01/2008     C-42835 1070914 23/02/2023 23/02/2023 Libro impreso